000 00959cam a22002895a 4500
001 13438433
005 20201128024308.0
006 m||||f ||z 00| 0
008 031219t2004 maua fr 001 0 eng d
020 _a8181476255
020 _a9788181476258
040 _aDLC
_cDLC
_dDLC
_dWaU
_dEG-ScBUE
_beng
082 0 4 _222
_a629.89
_bEAD
100 1 _aEady, Fred.
245 1 0 _aNetworking and internetworking with microcontrollers /
_cby Fred Eady.
260 _aBurlington ;
_aOxford :
_bNewnes / Elsevier,
_cc.2004.
300 _axvi, 353 p. :
_bill. ;
_c23 cm. +
_e1 CD-ROM (4 3/4 in.)
490 0 _aEmbedded technology series
500 _aIndex : p. 351-352.
650 7 _aProgrammable controllers.
_2BUEsh
_919072
650 7 _aMicrocontrollers.
_2BUEsh
_923309
650 7 _aComputer networks.
_2BUEsh
_91660
650 7 _aInternetworking (Telecommunication)
_2BUEsh
_933835
651 _2BUEsh
653 _bGGEN
_bCOMSCI
_cMarch2018
942 _2ddc
999 _c26380
_d26352